Political participation in a developing nation (Record no. 345587)

000 -LEADER
fixed length control field 00355cam a22001217a 4500
008 - FIXED-LENGTH DATA ELEMENTS--GENERAL INFORMATION
fixed length control field 180718b1974 xxu||||| |||| 00| 0 eng d
082 ## - DEWEY DECIMAL CLASSIFICATION NUMBER
Classification number F5x54 G552
100 ## - MAIN ENTRY--PERSONAL NAME
Personal name Goel, Madan Lal
245 ## - TITLE STATEMENT
Title Political participation in a developing nation
Statement of responsibility, etc. by Madan Lal Goel
260 ## - PUBLICATION, DISTRIBUTION, ETC.
Place of publication, distribution, etc. Bombay
Name of publisher, distributor, etc. Asia
Date of publication, distribution, etc. 1974
300 ## - PHYSICAL DESCRIPTION
Extent 234p.
650 ## - SUBJECT ADDED ENTRY--TOPICAL TERM
Topical term or geographic name entry element India - Politics and government
Holdings
Withdrawn status Lost status Damaged status Not for loan Permanent Location Current Location Date acquired Full call number Barcode Date last seen Price effective from Koha item type
        Indian Institute of Public Administration Indian Institute of Public Administration 1993-10-07 F5x54 G552 50186 2018-07-21 2018-07-21 Book

Powered by Koha